00335cam a22001097a 4500008004000000082001900040100001800059245007100077260002300148300001000171650004400181180718b1963 xxu||||| |||| 00| 0 eng d aT19x5442 C452e aChoksey, R.D. aEconomic life in the Bombay Karnataka (1818-1939)cby R.D. Choksey aBombaybAsiac1963 a212p. aBombay (Karnatak) - Economic Conditions